| 000 | 00515nam a2200193Ia 4500 | ||
|---|---|---|---|
| 005 | 20250707111236.0 | ||
| 008 | 008 250516s9999 xx 000 0 eng d | ||
| 020 | _a9789392998300 | ||
| 040 |
_beng _cSDCL |
||
| 041 |
_aeng _2eng |
||
| 084 | _aNW2:(O) R3 | ||
| 100 |
_aGore, Bharti _9728251 |
||
| 245 | 0 | _aCinema aur sahitya | |
| 246 | _aसिनेमा और साहित्य | ||
| 260 |
_aDelhi : _bNayee Kitab Prakashan, _c2023. |
||
| 300 | _a151p. | ||
| 650 | _aHindi | ||
| 942 |
_cTEXL _2CC |
||
| 999 |
_c1429321 _d1429321 |
||